000 01360nam a22002177a 4500
999 _c3529
_d3529
005 20240219141400.0
008 240219b ||||| |||| 00| 0 eng d
020 _a9781526600806
040 _cKH8
082 _a823.92 SHE
100 _a Shelley, T. C.
_eAuthor
245 _aThe werewolves who weren't
_cT. C. Shelley
260 _a London,
_bBloomsbury Childrens Books,
_c 2020
300 _a303 pages ;
_c20 cm.
520 _aSam might be half-monster and half-fairy, but since finding a loving family with the Kavanaghs, his daily life has been all human. And now he's facing one of the greatest human challenges -- starting secondary school. But Sam barely has time to worry about the strange stuff teachers say (why do they call it the Great War when it sounds like was anything but great?) before he is thrust back into the world of monsters. Sam's school friends Amira, Hazel and Wilfred reveal that they are shifters: noble twin-souled beings who live half their lives as humans and the other half as dogs. When his new friends are kidnapped one by one, Sam is dragged into an adventure that will force him to confront both halves of his own identity, monster and fairy, if he wants a chance at saving their lives..
521 _a9+.
650 _aChildren's stories
650 _aFairies
650 _aFantasy fiction
942 _2ddc
_cFIC